|
|
|
|
| LEADER |
00000nas a2200000 a 4500 |
| 001 |
vtls008408491 |
| 003 |
SK-MaSNL |
| 005 |
20260228160954.0 |
| 008 |
051109c19609999gw mr p 0 b0ger |
| 040 |
|
|
|a SVKPO
|b slo
|c SVKPO
|e AACR2
|
| 041 |
0 |
|
|a ger
|
| 044 |
|
|
|a gw
|c DE
|
| 080 |
|
|
|a 72
|2 MDT-MRF
|
| 080 |
|
|
|a 643/645
|2 MDT-MRF
|
| 080 |
|
|
|a 635.9
|2 MDT-MRF
|
| 245 |
0 |
0 |
|a Schöner Wohnen
|
| 260 |
|
|
|a [Hamburg
|b Gruner + Jahr]
|c 1960-
|
| 300 |
|
|
|a zv.
|b ilustr.
|c 28 cm
|
| 310 |
|
|
|a 1x mesačne
|
| 500 |
|
|
|a Popis podľa: 1 (2006)
|
| 650 |
0 |
7 |
|a architektúra
|2 svkpoph
|9 722
|
| 650 |
0 |
7 |
|a nábytok
|2 svkpoph
|9 3744
|
| 650 |
0 |
7 |
|a byty
|2 svkpoph
|9 3905
|
| 650 |
0 |
7 |
|a bytové zariadenia
|2 svkpoph
|9 3903
|
| 852 |
|
|
|a Štátna vedecká knižnica v Banskej Bystrici
|
| 856 |
4 |
|
|u www.schoener-wohnen.de
|
| 910 |
|
|
|a svkpo
|
| 999 |
|
|
|c 4010
|d 5940
|
| 952 |
|
|
|0 0
|1 1
|4 0
|7 0
|a SNK
|b SNK
|d 1999-09-13
|l 0
|o snkČB 4022/1983
|p 17A0210587
|r 2005-01-02 00:00:00
|t č. 1-5
|w 2026-02-21
|y PREZ
|
| 952 |
|
|
|0 0
|1 1
|4 0
|7 0
|8 4
|a SNK
|b SNK
|d 2014-01-13
|i snk2014/964
|l 0
|o snkČB 4022/2004/1
|p 17A0869621
|r 2026-02-21 19:44:25
|t č. 1-6
|w 2026-02-21
|y PREZ
|
| 952 |
|
|
|0 0
|1 1
|4 0
|7 0
|8 4
|a SNK
|b SNK
|d 2014-01-13
|i snk2014/971
|l 0
|o snkČB 4022/2004/2
|p 17A0869622
|r 2026-02-21 19:44:25
|t č. 7-12,neúpl.
|w 2026-02-21
|y PREZ
|z Chýba č. 11.
|
| 952 |
|
|
|0 0
|1 1
|4 0
|7 0
|8 4
|a SNK
|b SNK
|d 2014-01-13
|i snk2014/972
|l 0
|o snkČB 4022/2005/1
|p 17A0869623
|r 2026-02-21 19:44:25
|t č. 1-6
|w 2026-02-21
|y PREZ
|
| 952 |
|
|
|0 0
|1 1
|4 0
|7 0
|8 4
|a SNK
|b SNK
|d 2014-01-13
|i snk2014/975
|l 0
|o snkČB 4022/2005/2
|p 17A0869624
|r 2026-02-21 19:44:25
|t č. 7-12
|w 2026-02-21
|y PREZ
|
| 952 |
|
|
|0 0
|1 1
|4 0
|7 0
|8 4
|a SNK
|b SNK
|d 2014-01-13
|i snk2014/976
|l 0
|o snkČB 4022/2006/1
|p 17A0869625
|r 2026-02-21 19:44:25
|t č. 1-6
|w 2026-02-21
|y PREZ
|
| 952 |
|
|
|0 0
|1 1
|4 0
|7 0
|8 4
|a SNK
|b SNK
|d 2014-01-13
|i snk2014/977
|l 0
|o snkČB 4022/2006/2
|p 17A0869626
|r 2026-02-21 19:44:26
|t č. 7-12
|w 2026-02-21
|y PREZ
|
| 952 |
|
|
|0 0
|1 1
|4 0
|7 0
|8 4
|a SNK
|b SNK
|d 2014-01-14
|i snk2014/1003
|l 0
|o snkČB 4022/2007/1
|p 17A0869627
|r 2026-02-21 19:44:27
|t č. 1-6
|w 2026-02-21
|y PREZ
|
| 952 |
|
|
|0 0
|1 1
|4 0
|7 0
|8 4
|a SNK
|b SNK
|d 2014-01-14
|i snk2014/1004
|l 0
|o snkČB 4022/2007/2
|p 17A0869628
|r 2026-02-21 19:44:27
|t č. 7-12
|w 2026-02-21
|y PREZ
|
| 952 |
|
|
|0 0
|1 1
|4 0
|7 0
|8 4
|a SNK
|b SNK
|d 2014-01-14
|i snk2014/1006
|l 0
|o snkČB 4022/2008/1
|p 17A0869629
|r 2026-02-21 19:44:27
|t č. 1-6
|w 2026-02-21
|y PREZ
|
| 952 |
|
|
|0 0
|1 1
|4 0
|7 0
|8 4
|a SNK
|b SNK
|d 2014-01-14
|i snk2014/1008
|l 0
|o snkČB 4022/2008/2
|p 17A0869630
|r 2026-02-21 19:44:27
|t č. 7-12
|w 2026-02-21
|y PREZ
|
| 952 |
|
|
|0 0
|1 1
|4 0
|7 0
|8 4
|a SNK
|b SNK
|d 2014-01-14
|i snk2014/1010
|l 0
|o snkČB 4022/2009/1
|p 17A0869631
|r 2026-02-21 19:44:27
|t č. 1-6
|w 2026-02-21
|y PREZ
|
| 952 |
|
|
|0 0
|1 1
|4 0
|7 0
|8 4
|a SNK
|b SNK
|d 2014-01-14
|i snk2014/1011
|l 0
|o snkČB 4022/2009/2
|p 17A0869632
|r 2026-02-21 19:44:27
|t č. 7-12
|w 2026-02-21
|y PREZ
|
| 952 |
|
|
|0 0
|1 1
|4 0
|7 0
|8 4
|a SNK
|b SNK
|d 2014-01-14
|i snk2014/1025
|l 0
|o snkČB 4022/2010/1
|p 17A0869633
|r 2026-02-21 19:44:27
|t č. 1-6 + 1 príl.
|w 2026-02-21
|y PREZ
|
| 952 |
|
|
|0 0
|1 1
|4 0
|7 0
|8 4
|a SNK
|b SNK
|d 2014-01-14
|i snk2014/1032
|l 0
|o snkČB 4022/2010/2
|p 17A0869634
|r 2026-02-21 19:44:27
|t č. 7-12 + 3 príl.
|w 2026-02-21
|y PREZ
|
| 952 |
|
|
|0 0
|1 1
|4 0
|7 0
|8 4
|a SNK
|b SNK
|d 2014-01-14
|i snk2014/1044
|l 0
|o snkČB 4022/2011/1
|p 17A0869635
|r 2026-02-21 19:44:27
|t č. 1-4 + 1 príl.
|w 2026-02-21
|y PREZ
|
| 952 |
|
|
|0 0
|1 1
|4 0
|7 0
|8 4
|a SNK
|b SNK
|d 2014-01-14
|i snk2014/1045
|l 0
|o snkČB 4022/2011/2
|p 17A0869636
|r 2026-02-21 19:44:27
|t č. 5-8 + 2 príl.
|w 2026-02-21
|y PREZ
|
| 952 |
|
|
|0 0
|1 1
|4 0
|7 0
|8 4
|a SNK
|b SNK
|d 2014-01-14
|i snk2014/1046
|l 0
|o snkČB 4022/2011/3
|p 17A0869637
|r 2026-02-21 19:44:27
|t č. 9-12 + 2 príl.
|w 2026-02-21
|y PREZ
|
| 952 |
|
|
|0 0
|1 1
|4 0
|7 0
|8 4
|a SNK
|b SNK
|d 2014-01-14
|i snk2014/1057
|l 0
|o snkČB 4022/2012/1
|p 17A0869638
|r 2026-02-21 19:44:27
|t č. 1-6 + 2 príl.
|w 2026-02-21
|y PREZ
|
| 952 |
|
|
|0 0
|1 1
|4 0
|7 0
|8 4
|a SNK
|b SNK
|d 2014-01-14
|i snk2014/1060
|l 0
|o snkČB 4022/2012/2
|p 17A0869639
|r 2026-02-21 19:44:27
|t č. 7-12 + 3 príl.
|w 2026-02-21
|y PREZ
|
| 952 |
|
|
|0 0
|1 1
|4 0
|7 0
|8 4
|a SNK
|b SNK
|d 2014-01-14
|i snk2014/1066
|l 0
|o snkČB 4022/2013/1
|p 17A0869640
|r 2026-02-21 19:44:27
|t č. 1-4 +4 príl.
|w 2026-02-21
|y PREZ
|
| 952 |
|
|
|0 0
|1 1
|4 0
|7 0
|8 4
|a SNK
|b SNK
|d 2014-01-14
|i snk2014/1069
|l 0
|o snkČB 4022/2013/2
|p 17A0869641
|r 2026-02-21 19:44:27
|t č. 5-8 + 1 príl.
|w 2026-02-21
|y PREZ
|
| 952 |
|
|
|0 0
|1 1
|4 0
|7 0
|8 4
|a SNK
|b SNK
|d 2014-01-14
|i snk2014/1071
|l 0
|o snkČB 4022/2013/3
|p 17A0869642
|r 2026-02-21 19:44:28
|t č. 9-12 + 3 príl.
|w 2026-02-21
|y PREZ
|
| 952 |
|
|
|0 0
|1 0
|4 0
|7 0
|8 4
|a SNK
|b SNK
|d 2017-08-08
|i snk2017/18025
|l 0
|o snkČB 4022/2014/1
|p 17A1263477
|r 2026-02-21 21:48:35
|t č. 1-6 + 3 príl.
|w 2026-02-21
|y PREZ
|z Príl.: Deko-ideen; Design news; Kollektion
|
| 952 |
|
|
|0 0
|1 0
|4 0
|7 0
|8 4
|a SNK
|b SNK
|d 2017-08-08
|i snk2017/18027
|l 0
|o snkČB 4022/2014/2
|p 17A1263478
|r 2026-02-21 21:48:35
|t č. 7-12 + 3 príl.
|w 2026-02-21
|y PREZ
|z Príl.: Haus & Bauen; Kollektion; Bewusster leben
|